000 00381 a2200169 4500
001 068612
003 OSt
005 20220308124503.0
008
082 _a305.4201
_bC36G
100 1 _aChanter, Tina
245 1 _aGender
_cby Tina Chanter
260 _aLondon
_bContinuum
_c2006
300 _a176p.
653 _aEnglish
942 _2ddc
_cBK
999 _c2267
_d2267